Southville International School and Colleges
Your cart is empty.
  • Cart
  • Lists
    Public lists Eva Luna New books Lux_list list_1
    Your lists Log in to create your own lists
  • Log in to your account
  • Your cookies
  • Search history
Southville International School and Colleges
  • Advanced search
  • Recent comments
  • Most popular
  • Libraries

Log in to your account

Log in with GOOGLE


If you do not have an external account, but do have a local account, you can still log in:

  1. Home
  2. MARC view: MSA :
Normal view MARC view ISBD view

MSA : (Record no. 115780)

[ view plain ]
MARC details
000 -LEADER
fixed length control field 00515nam a22001817a 4500
003 - CONTROL NUMBER IDENTIFIER
control field OSt
005 - DATE AND TIME OF LATEST TRANSACTION
control field 20140505161502.0
008 - FIXED-LENGTH DATA ELEMENTS--GENERAL INFORMATION
fixed length control field 140505b xxu||||| |||| 00| 0 eng d
020 ## - INTERNATIONAL STANDARD BOOK NUMBER
International Standard Book Number 9718740961
050 ## - LIBRARY OF CONGRESS CALL NUMBER
Classification number QA 154
Item number .Al385 2009
100 ## - MAIN ENTRY--PERSONAL NAME
Personal name Alferez, Merle
245 ## - TITLE STATEMENT
Title MSA :
Remainder of title Advanced algebra /
Statement of responsibility, etc Merle Alferez.
260 ## - PUBLICATION, DISTRIBUTION, ETC. (IMPRINT)
Place of publication, distribution, etc Cainta, Philippines :
Name of publisher, distributor, etc MSA Academic Advancement Institute,
Date of publication, distribution, etc 2008.
300 ## - PHYSICAL DESCRIPTION
Extent 391 p. :
Other physical details ill. ;
Dimensions 27 cm.
650 ## - SUBJECT ADDED ENTRY--TOPICAL TERM
Topical term or geographic name as entry element Mathematical analysis
942 ## - ADDED ENTRY ELEMENTS (KOHA)
Source of classification or shelving scheme Library of Congress Classification
Koha item type Books
Holdings
Withdrawn status Lost status Source of classification or shelving scheme Damaged status Home library Current library Shelving location Date acquired Sub Shelving location Total Checkouts Total Renewals Full call number Barcode Date last seen Date checked out Copy number Price effective from Koha item type
    Library of Congress Classification   Luxembourg Library Luxembourg Library Filipiniana Section 05/05/2014   1 2 QA 154 .Al385 2009 18475 11/07/2015 08/20/2015 1 05/05/2014 Books

MSA :

APA

Alferez M., . (2008). MSA. Cainta, Philippines: MSA Academic Advancement Institute.

Chicago

Alferez Merle, . 2008. MSA. Cainta, Philippines: MSA Academic Advancement Institute.

Harvard

Alferez M., . (2008). MSA. Cainta, Philippines: MSA Academic Advancement Institute.

MLA

Alferez Merle, . MSA. Cainta, Philippines: MSA Academic Advancement Institute. 2008.

  • Place hold
  • Print
  • Cite
  • Add to your cart (remove)
  • Save record
    BIBTEX Dublin Core MARCXML MARC (non-Unicode/MARC-8) MARC (Unicode/UTF-8) MARC (Unicode/UTF-8, Standard) MODS (XML) RIS
  • More searches
    Search for this title in:
    Other Libraries (WorldCat) Other Databases (Google Scholar) Online Stores (Bookfinder.com) Open Library (openlibrary.org)

Exporting to Dublin Core...

SOUTHVILLE LIBRARY

Southville International School and Colleges Library

1281 Tropical Ave. Cor. Luxembourg St., BF Homes International, Las Pinas City

Tel. No. 8256374 / 252358 Loc. 117/146

Powered by Koha